Targeting Media Relations: (Record no. 4655)
[ view plain ]
| 000 -LEADER | |
|---|---|
| fixed length control field | 00471nam a22001577a 4500 |
| 005 - DATE AND TIME OF LATEST TRANSACTION | |
| control field | 20250310132520.0 |
| 008 - FIXED-LENGTH DATA ELEMENTS--GENERAL INFORMATION | |
| fixed length control field | 250310b |||||||| |||| 00| 0 eng d |
| 020 ## - INTERNATIONAL STANDARD BOOK NUMBER | |
| International Standard Book Number | 9780749408251 |
| 050 ## - LIBRARY OF CONGRESS CALL NUMBER | |
| Classification number | HM263 WRA |
| 100 ## - MAIN ENTRY--PERSONAL NAME | |
| Personal name | Wragg David |
| 245 ## - TITLE STATEMENT | |
| Title | Targeting Media Relations: |
| Remainder of title | A step-by-step guide to cost-effective public relations/ |
| Statement of responsibility, etc. | David Wragg |
| 260 ## - PUBLICATION, DISTRIBUTION, ETC. | |
| Place of publication, distribution, etc. | London |
| Name of publisher, distributor, etc. | Kogan Page Limited |
| Date of publication, distribution, etc. | 1993 |
| 300 ## - PHYSICAL DESCRIPTION | |
| Extent | 170p. |
| Dimensions | 15 cm |
| 650 ## - SUBJECT ADDED ENTRY--TOPICAL TERM | |
| Source of heading or term | Public Relations |
| 942 ## - ADDED ENTRY ELEMENTS (KOHA) | |
| Source of classification or shelving scheme | Library of Congress Classification |
| Koha item type | Books |
| Suppress in OPAC | No |
| 999 ## - | |
| -- | 4655 |
| -- | 4655 |
| Withdrawn status | Lost status | Source of classification or shelving scheme | Damaged status | Not for loan | Collection | Home library | Current library | Shelving location | Date acquired | Total checkouts | Full call number | Barcode | Date last seen | Copy number | Price effective from | Koha item type |
|---|---|---|---|---|---|---|---|---|---|---|---|---|---|---|---|---|
| Library of Congress Classification | Non-fiction | Business Library (Miotso) | Business Library (Miotso) | General stacks | 03/10/2025 | HM263 WRA | BSSM00001310 | 03/10/2025 | 1 | 03/10/2025 | Books | |||||
| Library of Congress Classification | Non-fiction | Business Library (Miotso) | Business Library (Miotso) | General stacks | 03/10/2025 | HM263 WRA | BSSM00001311 | 03/10/2025 | 2 | 03/10/2025 | Books | |||||
| Library of Congress Classification | Non-fiction | Business Library (Miotso) | Business Library (Miotso) | General stacks | 03/10/2025 | HM263 WRA | BSSM00001312 | 03/10/2025 | 3 | 03/10/2025 | Books | |||||
| Library of Congress Classification | Non-fiction | Business Library (Miotso) | Business Library (Miotso) | General stacks | 03/10/2025 | HM263 WRA | BSSM00001313 | 03/10/2025 | 4 | 03/10/2025 | Books |